[Event "HUN-chT Csongrad Region"]
[Site "Hungary"]
[Date "2016.04.24"]
[Round "9.5"]
[White "Febert, Richard"]
[Black "Kajari, Daniel"]
[Result "0-1"]
[WhiteElo "1340"]
[BlackElo "1468"]
[PlyCount "66"]
[EventDate "2015.09.20"]
[EventType "team-tourn"]
[EventRounds "9"]
[EventCountry "HUN"]
[SourceTitle "EXT 2017"]
[Source "ChessBase"]
[SourceDate "2016.10.25"]
[SourceVersion "1"]
[SourceVersionDate "2016.10.25"]
[SourceQuality "1"]

1. e4 e5 2. Nf3 Nc6 3. Bc4 Bc5 4. d3 d6 5. Ng5 Nh6 6. Qf3 Qf6 7. Qxf6 gxf6 8. Nf3 Ng8 9. h3 Na5 10. Bb3 Nxb3 11. axb3 f5 12. Nc3 a6 13. Bd2 f4 14. Nd5 Kd7 15. Bc3 f6 16. b4 c6 17. bxc5 cxd5 18. cxd6 Kxd6 19. exd5 Kxd5 20. 0-0 Ne7 21. Rfe1 Ng6 22. Ra5+ b5 23. Bb4 Bd7 24. c4+ Kc6 25. Rc1 Kb6 26. c5+ Kc7 27. d4 Bc6 28. dxe5 fxe5 29. Ra3 Rad8 30. Bc3 Rhe8 31. h4 Bxf3 32. Bxe5+ Nxe5 33. gxf3 Rd3 0-1